Normal view
MARC view
- الاندلسي،محمد بن عبد الله بن مالك
Entry Personal Name
001 - CONTROL NUMBER
- control field: 15624
003 - CONTROL NUMBER IDENTIFIER
- control field: JO-AjAnu
005 - DATE AND TIME OF LATEST TRANSACTION
- control field: 20230606072807.0
008 - FIXED-LENGTH DATA ELEMENTS
- fixed length control field: 230606|| aca||aabn | a|a d
040 ## - CATALOGING SOURCE
- Original cataloging agency: JO-AjAnu
- Transcribing agency: JO-AjAnu
100 ## - HEADING--PERSONAL NAME
- Personal name: الاندلسي،محمد بن عبد الله بن مالك
670 ## - SOURCE DATA FOUND
- Source citation: Work cat.: (JO-AjAnu)8023: الاندلسي،محمد بن عبد الله بن مالك, author, ألفية ابن مالك في النحو والصرف